| 000 | 01115cab a22002175a 4500 | ||
|---|---|---|---|
| 001 | L156540 | ||
| 008 | 120606s2012 xxk 000 0 eng d | ||
| 035 | _a(Sirsi) u156540 | ||
| 041 | 0 | _aeng | |
| 110 | 2 |
_aJones Lang LaSalle _93755 |
|
| 245 | 0 | 0 |
_aEstate south 2012 _baccelerating growth - analysing the real estate footprint of South India May 2012 _h[electronic resource] |
| 260 |
_a[S.l.] _bJLL _c2012 |
||
| 520 | _aSouthern India has for long been a silent crusader, building and strengthening its real estate development as one of the most sought after in the country. Analyses the factors and trends that have contributed significantly to this growth. | ||
| 520 | _aEstate south: a macro view -- office estate: significant south -- retail estate: making the mark -- residential estate: on target -- Bangalore -- Hyderabad -- Chennai. | ||
| 590 | _aKA | ||
| 651 | 4 | _aIndia | |
| 690 |
_aCommercial property _96227 |
||
| 690 |
_aResidential property _96266 |
||
| 856 | 4 | 0 |
_uhttps://www.joneslanglasalle.co.in/India/EN-GB/Pages/ResearchFilter.aspx _zView the report at www.joneslanglasalle.co.in |
| 942 | _n0 | ||
| 999 |
_c84066 _d84066 |
||